00509nam a2200181 i 4500001001300000003000400013005001700017008004100034010002200075050001900097100002700116245004900143260005800192300003300250500001600283500001100299999001700310sa 67004357 DLC20260227112345.0811015s1966 bg 00010 ben  asa 67004357 //r810 aPK1718.I79bC510aIslam, Azharul,d1913-10aChāẏāpatha /cĀjahārula Isalāma.0 aḌhāka :bIusuphajī Pābalikeśāsna,c[1966] a5, 2, 2, 174, 2 p. ;c22 cm. aIn Bengali. aPoems. c74414d74414